| 000 | 01064nam a22002537a 4500 | ||
|---|---|---|---|
| 005 | 20170124103054.0 | ||
| 010 | _aB-158014 | ||
| 020 |
_c150.00 _a8186803823 |
||
| 035 | _aB-158014 | ||
| 037 | _bCen Lib/Ret | ||
| 040 |
_aDPL _bHN |
||
| 082 |
_aउ _bपाण्डेय |
||
| 100 |
_aपाण्डेय, वीरेन्द्र _944529 |
||
| 245 |
_aवसन्ती भूमि के हजार मील / _cवीरेन्द्र पाण्डेय |
||
| 246 |
_aVasanti bhumi ke hazar meel / _bby Veerendra Pandey |
||
| 260 |
_aजयपुर _bनेशनल पब्लिशिंग हाउस _c2000 |
||
| 270 |
_a337, चौड़ा रास्ता _bजयपुर _e302 003 |
||
| 300 |
_a172पृ. _c17सेमी(सजिल्द) |
||
| 650 |
_aहिन्दी -- साहित्य _971474 |
||
| 650 |
_aहिन्दी -- उपन्यास _971475 |
||
| 650 |
_aHindi -- Literature _971476 |
||
| 650 |
_aHindi -- Fiction _927248 |
||
| 942 |
_2ddc _cHN _hउ _mपाण्डेय |
||
| 999 |
_c117347 _d117347 |
||